[Event "Guelph Winter Pro-Am"]
[Site "Guelph CAN"]
[Date "2019.02.02"]
[Round "1.1"]
[White "Aniunoh, Chike"]
[Black "Hua, Eugene"]
[Result "0-1"]
[WhiteElo "2193"]
[BlackElo "2434"]
[PlyCount "125"]
[EventDate "2019.02.02"]
[EventType "swiss"]
[EventRounds "5"]
[EventCountry "CAN"]

1. e4 c5 2. Nc3 Nc6 3. g3 g6 4. Bg2 Bg7 5. d3 d6 6. Be3 e5 7. Nh3 Nf6 8. O-O
O-O 9. f3 Nd4 10. Qd2 Be6 11. Nd1 Qc8 12. Ng5 Bd7 13. c3 Ne6 14. Nxe6 Bxe6 15.
d4 Nh5 16. Nf2 f5 17. dxc5 dxc5 18. exf5 gxf5 19. f4 e4 20. g4 Nf6 21. gxf5
Bxf5 22. Rad1 Qc6 23. Qd6 Qxd6 24. Rxd6 b6 25. h3 Rad8 26. Rfd1 Rxd6 27. Rxd6
Kf7 28. Nh1 Nh5 29. Kf2 Ke7 30. Rd2 Bf6 31. Kg1 Rg8 32. Kh2 Bh4 33. Bf1 Be6 34.
a3 Ng3 35. Nxg3 Rxg3 36. f5 Rxe3 37. fxe6 Kxe6 38. Be2 Ke5 39. Ba6 Re1 40. Rd7
Rb1 41. b4 Rb2+ 42. Kg1 Kf4 43. Rxh7 Bg3 44. Rf7+ Ke3 45. bxc5 bxc5 46. Rxa7
Kf3 47. Rf7+ Bf4 48. a4 Rb1+ 49. Bf1 e3 50. Re7 Ra1 51. h4 e2 52. Rxe2 Be3+ 53.
Rxe3+ Kxe3 54. h5 Rxa4 55. c4 Ra6 56. Bg2 Rh6 57. Bd5 Rxh5 58. Kg2 Rf5 59. Kg3
Rg5+ 60. Kh4 Rg1 61. Kh3 Kd4 62. Kh2 Rc1 63. Kg2 0-1

[Event "Guelph Winter Pro-Am"]
[Site "Guelph CAN"]
[Date "2019.02.02"]
[Round "1.3"]
[White "Loadman, Ian"]
[Black "Plotkin, Victor"]
[Result "0-1"]
[WhiteElo "2097"]
[BlackElo "2391"]
[PlyCount "92"]
[EventDate "2019.02.02"]
[EventType "swiss"]
[EventRounds "5"]
[EventCountry "CAN"]

1. e4 e5 2. Nf3 Nf6 3. Nc3 Nc6 4. Bb5 Bb4 5. O-O O-O 6. d3 Bxc3 7. bxc3 d6 8.
Bg5 h6 9. Bh4 a6 10. Ba4 b5 11. Bb3 Na5 12. d4 Nxb3 13. axb3 Bb7 14. d5 Qe7 15.
Qd3 c6 16. c4 Rfc8 17. Bxf6 Qxf6 18. dxc6 bxc4 19. Qxc4 Rxc6 20. Qd3 Rac8 21.
c4 Rb8 22. Ne1 Rb6 23. Nc2 Qg6 24. f3 Bc8 25. Ra3 Be6 26. Ne3 Qf6 27. Rb1 Qe7
28. Ra5 Qb7 29. Ra3 Qc7 30. Ra2 Qc5 31. Kf1 a5 32. Ke2 Rb4 33. Kd2 Qb6 34. Kc2
a4 35. Rab2 a3 36. Ra2 Bxc4 37. Nxc4 Rxc4+ 38. Qxc4 Qf2+ 39. Kc1 Qg1+ 40. Kd2
Qxb1 41. Qc2 Qg1 42. Rxa3 Qxg2+ 43. Kc1 Qxf3 44. Kb2 Qg4 45. Ra7 Rc8 46. Qd3
Qg1 0-1

[Event "Guelph Winter Pro-Am"]
[Site "Guelph CAN"]
[Date "2019.02.02"]
[Round "1.5"]
[White "Ning, Eric"]
[Black "Guo, Josh"]
[Result "0-1"]
[WhiteElo "2057"]
[BlackElo "2245"]
[PlyCount "78"]
[EventDate "2019.02.02"]
[EventType "swiss"]
[EventRounds "5"]
[EventCountry "CAN"]

1. d4 Nf6 2. c4 g6 3. Nc3 Bg7 4. e4 d6 5. Be2 O-O 6. Bg5 h6 7. Be3 e5 8. d5 Na6
9. Qd2 Nc5 10. f3 a6 11. O-O-O h5 12. Nh3 Bd7 13. b3 Qb8 14. Bxc5 dxc5 15. Qe3
Qa7 16. Nf2 Kh7 17. Kb2 Bh6 18. Qd3 Ne8 19. h4 Nd6 20. g4 b5 21. gxh5 gxh5 22.
f4 bxc4 23. bxc4 Qb6+ 24. Ka1 exf4 25. e5+ Bf5 26. Qf3 Rab8 27. Rd2 Qa5 28. Rc1
Rfe8 29. Bd3 Rxe5 30. Bxf5+ Rxf5 31. Qd3 Bg7 32. Rdc2 Qb4 33. Nfe4 Qxc4 34.
Qxc4 Nxc4 35. Nxc5 Ne3 36. Rb2 Rxb2 37. Kxb2 Nxd5 38. N5e4 Nxc3 39. Nxc3 Rc5
0-1

[Event "Guelph Winter Pro-Am"]
[Site "Guelph CAN"]
[Date "2019.02.02"]
[Round "1.6"]
[White "Dougherty, Michael"]
[Black "Gaisinsky, Adam"]
[Result "1/2-1/2"]
[WhiteElo "2238"]
[BlackElo "2055"]
[PlyCount "58"]
[EventDate "2019.02.02"]
[EventType "swiss"]
[EventRounds "5"]
[EventCountry "CAN"]

1. d4 Nf6 2. Nf3 e6 3. Bg5 d5 4. e3 Be7 5. c4 O-O 6. Nc3 b6 7. Qc2 Bb7 8. Bxf6
Bxf6 9. cxd5 exd5 10. Bd3 g6 11. h4 Qe7 12. h5 Nd7 13. hxg6 fxg6 14. O-O-O Rfe8
15. Bxg6 hxg6 16. Qxg6+ Bg7 17. Qh7+ Kf8 18. Qf5+ Qf7 19. Qg5 Re6 20. Qg3 Rc6
21. Rh4 Re8 22. Rdh1 Nf6 23. Ne5 Rxe5 24. Qxe5 Qg6 25. Rf4 Qd3 26. Rh3 Ba6 27.
e4 Rxc3+ 28. bxc3 Qf1+ 29. Kb2 Qb5+ 1/2-1/2

[Event "Guelph Winter Pro-Am"]
[Site "Guelph CAN"]
[Date "2019.02.02"]
[Round "1.7"]
[White "Li, Eric M"]
[Black "Filipovich, David"]
[Result "1-0"]
[WhiteElo "2043"]
[BlackElo "2216"]
[PlyCount "77"]
[EventDate "2019.02.02"]
[EventType "swiss"]
[EventRounds "5"]
[EventCountry "CAN"]

1. d4 g6 2. Bf4 Bg7 3. Nf3 d6 4. e3 Nf6 5. h3 O-O 6. Be2 c5 7. c3 b6 8. O-O Bb7
9. Nbd2 Nc6 10. e4 cxd4 11. cxd4 Nxd4 12. Nxd4 e5 13. Be3 exd4 14. Bxd4 Re8 15.
Bb5 Re7 16. Re1 d5 17. e5 Nd7 18. f4 f6 19. Bxd7 fxe5 20. Be6+ Rxe6 21. fxe5
Qd7 22. Nf3 Ree8 23. Qd3 Qa4 24. b3 Ba6 25. Qd2 Qb5 26. Rad1 Qd7 27. Qf2 Rf8
28. Qg3 Rac8 29. Ng5 Rfe8 30. e6 Qc7 31. Qh4 Bxd4+ 32. Rxd4 Bb7 33. Nf7 Qe7 34.
Qf4 Rf8 35. Qe5 Rxf7 36. exf7+ Qxf7 37. Rf1 Qc7 38. Qe6+ Kg7 39. Qf6+ 1-0

[Event "Guelph Winter Pro-Am"]
[Site "Guelph CAN"]
[Date "2019.02.02"]
[Round "1.8"]
[White "Kang, Dorian"]
[Black "Colvin, Andrew"]
[Result "1-0"]
[WhiteElo "2200"]
[BlackElo "2038"]
[PlyCount "129"]
[EventDate "2019.02.02"]
[EventType "swiss"]
[EventRounds "5"]
[EventCountry "CAN"]

1. e4 e5 2. Nf3 Nf6 3. Nxe5 d6 4. Nf3 Nxe4 5. Nc3 Nxc3 6. dxc3 Be7 7. Be3 O-O
8. Qd2 Nc6 9. O-O-O Ne5 10. h3 c6 11. Nd4 Qa5 12. Kb1 c5 13. Nb3 Qa4 14. Qd5
Rb8 15. Nxc5 dxc5 16. Qxe5 Be6 17. a3 b6 18. Bg5 Bxg5 19. Qxg5 Rfe8 20. Bd3 Qc6
21. f4 h6 22. Qh5 Bd5 23. Rhg1 Rbd8 24. Qf5 g6 25. Qg4 Be4 26. f5 Bxd3 27. Rxd3
Rxd3 28. cxd3 Qd5 29. Kc2 Qxf5 30. Qxf5 gxf5 31. Kd2 Kg7 32. Re1 Rd8 33. Re7 a5
34. Ke3 Rd6 35. Rb7 Kf6 36. d4 cxd4+ 37. cxd4 Re6+ 38. Kd3 Rd6 39. Kc4 Kg7 40.
b4 axb4 41. axb4 f4 42. Kd3 Kg6 43. Ke4 Kf6 44. d5 Kg7 45. h4 Rg6 46. Kxf4 Rxg2
47. d6 Rd2 48. Rxb6 Kf6 49. b5 Rd4+ 50. Kg3 Ke6 51. Rc6 Kd7 52. Rb6 h5 53. Rb7+
Kxd6 54. Rxf7 Rb4 55. Rf5 Ke6 56. Rxh5 Kf6 57. Rc5 Kg6 58. h5+ Kh6 59. Kf3 Kg7
60. Ke3 Kh6 61. Kd3 Kg7 62. Kc3 Rb1 63. Kc4 Kh6 64. Rd5 Rc1+ 65. Kb4 1-0

[Event "Guelph Winter Pro-Am"]
[Site "Guelph CAN"]
[Date "2019.02.02"]
[Round "2.1"]
[White "Hua, Eugene"]
[Black "Kang, Dorian"]
[Result "1-0"]
[WhiteElo "2434"]
[BlackElo "2200"]
[PlyCount "63"]
[EventDate "2019.02.02"]
[EventType "swiss"]
[EventRounds "5"]
[EventCountry "CAN"]

1. e4 c5 2. Nf3 d6 3. d4 Nf6 4. Nc3 cxd4 5. Qxd4 a6 6. Bg5 Nc6 7. Qd2 e6 8.
O-O-O h6 9. Bf4 e5 10. Be3 b5 11. Bd3 Bb7 12. Nh4 Rc8 13. Nf5 g6 14. Nd5 Nxd5
15. exd5 Na5 16. Ng3 Nc4 17. Bxc4 Rxc4 18. f4 Bg7 19. f5 e4 20. Kb1 a5 21. fxg6
fxg6 22. Rhe1 Bc8 23. Rf1 b4 24. Qe2 Ba6 25. Qg4 g5 26. Qh5+ Kd7 27. Rf7+ Kc8
28. Rxg7 a4 29. Ra7 Bb7 30. Qg4+ Kb8 31. Rxa4 Qc7 32. Ba7+ 1-0

[Event "Guelph Winter Pro-Am"]
[Site "Guelph CAN"]
[Date "2019.02.02"]
[Round "2.2"]
[White "Ferreira, Alex"]
[Black "Migot, Tangi"]
[Result "0-1"]
[WhiteElo "2080"]
[BlackElo "2419"]
[PlyCount "50"]
[EventDate "2019.02.02"]
[EventType "swiss"]
[EventRounds "5"]
[EventCountry "CAN"]

1. e4 c5 2. Nf3 Nc6 3. d4 cxd4 4. Nxd4 Nf6 5. Nc3 d6 6. Bc4 Qb6 7. Nxc6 bxc6 8.
O-O e5 9. Bg5 Qb4 10. Qd3 Be7 11. Bxf6 Bxf6 12. Rfd1 Be7 13. a3 Qb8 14. b4 a6
15. Qf3 O-O 16. Rab1 Be6 17. Qd3 Qc8 18. a4 Kh8 19. g3 f5 20. Bxe6 Qxe6 21. b5
fxe4 22. Nxe4 d5 23. Nc3 Bc5 24. Rd2 e4 25. Qe2 Rxf2 0-1

[Event "Guelph Winter Pro-Am"]
[Site "Guelph CAN"]
[Date "2019.02.02"]
[Round "2.3"]
[White "Plotkin, Victor"]
[Black "Li, Eric M"]
[Result "1/2-1/2"]
[WhiteElo "2391"]
[BlackElo "2043"]
[PlyCount "48"]
[EventDate "2019.02.02"]
[EventType "swiss"]
[EventRounds "5"]
[EventCountry "CAN"]

1. e4 c5 2. c3 Nf6 3. e5 Nd5 4. d4 cxd4 5. Nf3 d6 6. cxd4 Nc6 7. Bc4 e6 8. O-O
Be7 9. exd6 Qxd6 10. Nbd2 Nf6 11. Nb3 b6 12. Qe2 O-O 13. Rd1 Nb4 14. Bg5 Bb7
15. a3 Nbd5 16. Qe5 Rfd8 17. Qxd6 Bxd6 18. Ne5 h6 19. Bh4 g5 20. Bg3 Ne4 21.
Nd2 Nxg3 22. hxg3 Rac8 23. Rac1 Kg7 24. Nef3 Be7 1/2-1/2

[Event "Guelph Winter Pro-Am"]
[Site "Guelph CAN"]
[Date "2019.02.02"]
[Round "2.4"]
[White "Guo, Josh"]
[Black "Zhao, Jeffrey Renfei"]
[Result "1-0"]
[WhiteElo "2245"]
[BlackElo "2029"]
[PlyCount "85"]
[EventDate "2019.02.02"]
[EventType "swiss"]
[EventRounds "5"]
[EventCountry "CAN"]

1. e4 e5 2. Nf3 Nc6 3. Bb5 g6 4. c3 Bg7 5. O-O Nge7 6. d4 a6 7. Ba4 b5 8. Bb3
O-O 9. Bg5 exd4 10. cxd4 d6 11. h3 Qe8 12. Nc3 Bb7 13. Re1 Qd7 14. Nd5 Nxd5 15.
Bxd5 Rae8 16. Rc1 Na5 17. Bxb7 Nxb7 18. Qd2 Nd8 19. d5 f5 20. exf5 Rxe1+ 21.
Qxe1 Rxf5 22. Bxd8 Qxd8 23. Qe6+ Kf8 24. Rc2 Rf6 25. Ng5 Rxe6 26. Nxe6+ Ke7 27.
Nxd8 Kxd8 28. b3 Kd7 29. g4 g5 30. Kg2 Be5 31. Kf3 a5 32. Ke4 Bf4 33. h4 h6 34.
Kf5 b4 35. h5 Be5 36. Rc6 Bd4 37. f3 Bg7 38. Kg6 Bf8 39. Ra6 Ke7 40. Rxa5 Kd7
41. Rb5 c5 42. Kf7 Be7 43. Rb7+ 1-0

[Event "Guelph Winter Pro-Am"]
[Site "Guelph CAN"]
[Date "2019.02.02"]
[Round "2.5"]
[White "Brajkovic, Nikola"]
[Black "Dougherty, Michael"]
[Result "1/2-1/2"]
[WhiteElo "1970"]
[BlackElo "2238"]
[PlyCount "88"]
[EventDate "2019.02.02"]
[EventType "swiss"]
[EventRounds "5"]
[EventCountry "CAN"]

1. e4 g6 2. d4 Bg7 3. f4 c5 4. c3 cxd4 5. cxd4 d5 6. e5 Nc6 7. Be3 Nh6 8. Nc3
O-O 9. Bb5 f6 10. Nf3 Bg4 11. O-O Nf5 12. Bf2 Bxf3 13. gxf3 e6 14. Bxc6 bxc6
15. Qd3 Bh6 16. Ne2 Rb8 17. Qc3 fxe5 18. dxe5 d4 19. Nxd4 Nxd4 20. Qxd4 Bxf4
21. Qxd8 Rfxd8 22. b3 Rd2 23. Bg3 g5 24. Bxf4 gxf4 25. Rf2 Rbd8 26. Rc1 Rxf2
27. Kxf2 Rd2+ 28. Kg1 Rxa2 29. Rxc6 Kf7 30. Rc4 Re2 31. Rxf4+ Kg6 32. Rf6+ Kg5
33. Rxe6 Kf4 34. Rh6 Kxf3 35. Rh3+ Kf4 36. Rxh7 a5 37. Rf7+ Kg5 38. Re7 Re3 39.
Rg7+ Kf5 40. Rg3 Rxe5 41. Kf2 Re4 42. Rf3+ Kg4 43. Rc3 a4 44. bxa4 Rxa4 1/2-1/2

[Event "Guelph Winter Pro-Am"]
[Site "Guelph CAN"]
[Date "2019.02.02"]
[Round "2.6"]
[White "Gaisinsky, Adam"]
[Black "Aniunoh, Chike"]
[Result "1/2-1/2"]
[WhiteElo "2055"]
[BlackElo "2193"]
[PlyCount "131"]
[EventDate "2019.02.02"]
[EventType "swiss"]
[EventRounds "5"]
[EventCountry "CAN"]

1. e4 e6 2. Qe2 Be7 3. Nf3 d5 4. d3 Nf6 5. g3 O-O 6. Bg2 c5 7. O-O Nc6 8. e5
Ne8 9. c4 Nc7 10. Nc3 Rb8 11. Rd1 b5 12. b3 Ba6 13. h4 Nd4 14. Nxd4 cxd4 15.
Nxb5 Bxb5 16. cxb5 Nxb5 17. Qg4 Re8 18. Bd2 Rc8 19. Rdc1 Ba3 20. Bh6 g6 21.
Rxc8 Qxc8 22. Bf1 Qc3 23. Rd1 Qc2 24. Rd2 Qb1 25. Qf4 Qc1 26. h5 Bf8 27. Bxf8
Kxf8 28. Qh6+ Kg8 29. f3 Nc3 30. hxg6 hxg6 31. Qh2 Qe1 32. f4 Qe3+ 33. Qf2 Rc8
34. Kg2 Kf8 35. g4 Nb1 36. Rb2 Qxf2+ 37. Kxf2 Rc1 38. Be2 Nc3 39. Bf3 Nd1+ 40.
Bxd1 Rxd1 41. Ke2 Rg1 42. Kf3 Rf1+ 43. Rf2 Re1 44. Rd2 Re3+ 45. Kf2 Ke7 46. g5
Kd7 47. Rd1 Rh3 48. Kg2 Rh4 49. Kg3 Rh8 50. Rc1 Ra8 51. Kf3 Rb8 52. Rc5 a6 53.
Ra5 Rb6 54. Rc5 Rb8 55. Ra5 Ra8 56. Rc5 Ra7 57. Ke2 Ra8 58. Kf3 a5 59. Ke2 a4
60. b4 a3 61. Kd2 Ra4 62. Rb5 Kc6 63. Rb8 Kc7 64. Rb5 Kc6 65. Rb8 Kc7 66. Rb5
1/2-1/2

[Event "Guelph Winter Pro-Am"]
[Site "Guelph CAN"]
[Date "2019.02.02"]
[Round "2.7"]
[White "Filipovich, David"]
[Black "Loadman, Ian"]
[Result "1/2-1/2"]
[WhiteElo "2216"]
[BlackElo "2097"]
[PlyCount "58"]
[EventDate "2019.02.02"]
[EventType "swiss"]
[EventRounds "5"]
[EventCountry "CAN"]

1. Nf3 Nf6 2. g3 d5 3. Bg2 e6 4. O-O Be7 5. c4 O-O 6. b3 c5 7. Bb2 b6 8. d4 Bb7
9. cxd5 exd5 10. Nc3 Na6 11. Rc1 Re8 12. e3 Bf8 13. Qe2 Nb4 14. Rfd1 Ba6 15.
Qd2 Nd3 16. Bf1 Nxb2 17. Qxb2 Bxf1 18. Kxf1 Qd7 19. dxc5 bxc5 20. Qd2 Red8 21.
Qe2 Qb7 22. Qb5 Qb6 23. Rc2 Rd6 24. Kg2 Rad8 25. Rcd2 g6 26. Qxb6 axb6 27. Nb5
Re6 28. Nc3 Red6 29. Nb5 Re6 1/2-1/2

[Event "Guelph Winter Pro-Am"]
[Site "Guelph CAN"]
[Date "2019.02.02"]
[Round "3.1"]
[White "Migot, Tangi"]
[Black "Plotkin, Victor"]
[Result "1-0"]
[WhiteElo "2419"]
[BlackElo "2391"]
[PlyCount "147"]
[EventDate "2019.02.02"]
[EventType "swiss"]
[EventRounds "5"]
[EventCountry "CAN"]

1. Nf3 Nf6 2. g3 d5 3. Bg2 c6 4. O-O Bf5 5. d3 h6 6. Qe1 Nbd7 7. Nbd2 e5 8. e4
dxe4 9. dxe4 Be6 10. Qe2 Qc7 11. a4 Bc5 12. h3 g5 13. Ne1 O-O-O 14. a5 g4 15.
h4 Nh5 16. Kh2 Nf4 17. Qd1 Nxg2 18. Kxg2 f5 19. exf5 Bxf5 20. Qe2 Nf6 21. Nd3
Bxd3 22. cxd3 Qd6 23. Ne4 Qd5 24. Kh2 Nxe4 25. Qxg4+ Kb8 26. Qxe4 Qxd3 27. Qxd3
Rxd3 28. Ra4 Bd4 29. Rc4 h5 30. a6 Rf8 31. Kg2 Rb3 32. axb7 Kxb7 33. Rc2 c5 34.
Re2 Kc6 35. Rfe1 Kd5 36. Rd1 a5 37. f4 e4 38. Re3 Rxe3 39. Bxe3 Rb8 40. Bc1 Ke6
41. Re1 Kf5 42. Re2 Rb3 43. Kh3 a4 44. Kg2 Kg4 45. Rxe4 Rxg3+ 46. Kh2 Kf3 47.
Re1 Bf2 48. Rd1 Rg2+ 49. Kh3 Rg3+ 50. Kh2 Rg4 51. Rd3+ Ke2 52. Rd2+ Kf1 53.
Rd1+ Be1 54. Rd3 Bxh4 55. f5 Bf6 56. Kh3 Rd4 57. Re3 Bg5 58. Rc3 Be7 59. f6 Bf8
60. Be3 Rd5 61. Kh4 Ke2 62. Bg5 Rd3 63. Rc2+ Kd1 64. Rc1+ Ke2 65. Kxh5 Rb3 66.
Rc2+ Kf3 67. Bh6 Bd6 68. Rd2 Bf4 69. Bxf4 Kxf4 70. f7 Rb8 71. Rf2+ Ke3 72. f8=Q
Rxf8 73. Rxf8 Kd3 74. Ra8 1-0

[Event "Guelph Winter Pro-Am"]
[Site "Guelph CAN"]
[Date "2019.02.02"]
[Round "3.2"]
[White "Li, Eric M"]
[Black "Ferreira, Alex"]
[Result "1-0"]
[WhiteElo "2043"]
[BlackElo "2080"]
[PlyCount "79"]
[EventDate "2019.02.02"]
[EventType "swiss"]
[EventRounds "5"]
[EventCountry "CAN"]

1. d4 d5 2. Bf4 Nf6 3. e3 Bf5 4. c4 c6 5. Nc3 e6 6. Nf3 Qb6 7. Qb3 Na6 8. c5
Qxb3 9. axb3 Nb4 10. Kd2 Nd7 11. Ra4 a5 12. Bc7 Bxc5 13. Bxa5 b5 14. Rxb4 Rxa5
15. dxc5 e5 16. e4 dxe4 17. Nxe4 O-O 18. Bd3 f6 19. Rc1 Bg6 20. Nd6 f5 21. Nh4
Ra2 22. Nxg6 hxg6 23. Rc2 Nf6 24. Bxb5 cxb5 25. Rxb5 Nd5 26. c6 Nc7 27. Rb7 Rd8
28. Rxc7 Rxd6+ 29. Ke2 Ra6 30. Rc8+ Kf7 31. b4 g5 32. b5 Ra4 33. f3 g4 34. c7
gxf3+ 35. gxf3 Rh4 36. Rf8+ Kxf8 37. c8=Q+ Ke7 38. Rc7+ Kf6 39. Qf8+ Ke6 40.
Qf7# 1-0

[Event "Guelph Winter Pro-Am"]
[Site "Guelph CAN"]
[Date "2019.02.02"]
[Round "3.3"]
[White "Zhao, Jeffrey Renfei"]
[Black "Gaisinsky, Adam"]
[Result "1/2-1/2"]
[WhiteElo "2029"]
[BlackElo "2055"]
[PlyCount "50"]
[EventDate "2019.02.02"]
[EventType "swiss"]
[EventRounds "5"]
[EventCountry "CAN"]

1. e4 e5 2. Nf3 Nc6 3. Bc4 Nf6 4. d3 Be7 5. Nc3 O-O 6. h3 d6 7. O-O Na5 8. Bb3
Nxb3 9. axb3 c5 10. Be3 Re8 11. Nd2 d5 12. exd5 Nxd5 13. Nxd5 Qxd5 14. b4 cxb4
15. Bxa7 b5 16. Qf3 Bb7 17. Qxd5 Bxd5 18. Bb6 Rec8 19. Rxa8 Rxa8 20. Re1 f6 21.
f4 Bd6 22. Ne4 Bxe4 23. fxe5 fxe5 24. dxe4 Kf7 25. b3 Rc8 1/2-1/2

[Event "Guelph Winter Pro-Am"]
[Site "Guelph CAN"]
[Date "2019.02.02"]
[Round "3.4"]
[White "Colvin, Andrew"]
[Black "Brajkovic, Nikola"]
[Result "1/2-1/2"]
[WhiteElo "2038"]
[BlackElo "1970"]
[PlyCount "78"]
[EventDate "2019.02.02"]
[EventType "swiss"]
[EventRounds "5"]
[EventCountry "CAN"]

1. d4 d5 2. c4 e6 3. Nc3 Nf6 4. Nf3 Be7 5. Bf4 c6 6. e3 O-O 7. Bd3 dxc4 8. Bxc4
Nd5 9. Bg3 Nd7 10. e4 Nxc3 11. bxc3 Qa5 12. Qd2 Nb6 13. Bb3 c5 14. O-O cxd4 15.
cxd4 Bb4 16. Qe3 Ba3 17. Ne5 Bd7 18. Nxd7 Nxd7 19. Rfd1 Rac8 20. Rd3 Be7 21.
Rc1 Rxc1+ 22. Qxc1 Ba3 23. Qd2 Bb4 24. Qc2 Nb6 25. Bc7 Bd6 26. Rd1 Qb4 27. Bxd6
Qxd6 28. Qc5 Qd7 29. Qa3 Ra8 30. d5 exd5 31. Bxd5 Nxd5 32. exd5 b6 33. d6 Rd8
34. h3 h6 35. Qb4 Qe6 36. a4 Rd7 37. a5 bxa5 38. Qxa5 Rxd6 39. Rxd6 Qxd6
1/2-1/2

[Event "Guelph Winter Pro-Am"]
[Site "Guelph CAN"]
[Date "2019.02.03"]
[Round "4.1"]
[White "Hua, Eugene"]
[Black "Migot, Tangi"]
[Result "1/2-1/2"]
[WhiteElo "2434"]
[BlackElo "2419"]
[PlyCount "64"]
[EventDate "2019.02.02"]
[EventType "swiss"]
[EventRounds "5"]
[EventCountry "CAN"]

1. c4 e5 2. g3 c6 3. d4 e4 4. Nc3 d5 5. Bg2 Nf6 6. Bg5 Nbd7 7. cxd5 cxd5 8. Qb3
Bd6 9. Nh3 h6 10. Bf4 Nb6 11. Be5 Nh5 12. Bxd6 Qxd6 13. Nb5 Qc6 14. Qb4 Be6 15.
O-O a5 16. Qc5 Kd7 17. Qxc6+ bxc6 18. Na3 Na4 19. Rab1 Rhb8 20. b3 Nc3 21. Rb2
Nb5 22. Nxb5 cxb5 23. Rc1 Rc8 24. Rbc2 Kd6 25. Nf4 Nxf4 26. gxf4 b4 27. e3 Rxc2
28. Rxc2 g5 29. fxg5 hxg5 30. f3 exf3 31. Bxf3 Rc8 32. Bd1 Rxc2 1/2-1/2

[Event "Guelph Winter Pro-Am"]
[Site "Guelph CAN"]
[Date "2019.02.03"]
[Round "4.2"]
[White "Guo, Josh"]
[Black "Li, Eric M"]
[Result "1-0"]
[WhiteElo "2245"]
[BlackElo "2043"]
[PlyCount "55"]
[EventDate "2019.02.02"]
[EventType "swiss"]
[EventRounds "5"]
[EventCountry "CAN"]

1. e4 c5 2. Nf3 Nc6 3. Bb5 d6 4. Bxc6+ bxc6 5. O-O e5 6. c3 f5 7. exf5 Bxf5 8.
d4 cxd4 9. cxd4 e4 10. Qc2 Qd7 11. Nh4 Ne7 12. Bg5 Rc8 13. Nc3 d5 14. f3 exf3
15. Nxf5 Nxf5 16. Rae1+ Be7 17. Bxe7 Nxe7 18. Rxf3 Qg4 19. Rxe7+ Kxe7 20. Qe2+
Kd8 21. Rf8+ Rxf8 22. Qxg4 Rc7 23. Na4 Re7 24. h3 Rf6 25. Nc5 Kc7 26. Qg3+ Kc8
27. Na6 Kb7 28. Qb3+ 1-0

[Event "Guelph Winter Pro-Am"]
[Site "Guelph CAN"]
[Date "2019.02.03"]
[Round "4.3"]
[White "Dougherty, Michael"]
[Black "Kang, Dorian"]
[Result "1/2-1/2"]
[WhiteElo "2238"]
[BlackElo "2200"]
[PlyCount "110"]
[EventDate "2019.02.02"]
[EventType "swiss"]
[EventRounds "5"]
[EventCountry "CAN"]

1. Nf3 c5 2. g3 Nc6 3. c4 g6 4. Bg2 Bg7 5. Nc3 e5 6. O-O Nge7 7. a3 d6 8. Rb1
a5 9. Ne1 Be6 10. Nd5 Rb8 11. e3 O-O 12. Nc2 f5 13. d3 b5 14. Qe2 bxc4 15. dxc4
e4 16. Rd1 Ne5 17. Ne1 Nxd5 18. cxd5 Bd7 19. Qc2 Qe8 20. b3 c4 21. Rd2 cxb3 22.
Rxb3 Rc8 23. Qb1 Ba4 24. Rb7 Nc4 25. Ra2 Qe5 26. Bf1 Qxd5 27. Bxc4 Rxc4 28. Ra7
Qd1 29. Qb7 Qxe1+ 30. Kg2 Qc3 31. Bb2 Rc7 32. Qxc7 Qxc7 33. Rxc7 Bh6 34. Bc3
Bb3 35. Rd2 d5 36. Bxa5 Ra8 37. Rb2 Bc4 38. Bb4 Bg7 39. Rc2 Be5 40. R7xc4 dxc4
41. Rxc4 Bb2 42. g4 Kf7 43. Rc7+ Kf6 44. Rxh7 fxg4 45. Kg3 Bxa3 46. Bc3+ Ke6
47. Rg7 Bd6+ 48. Kxg4 Bxh2 49. Rxg6+ Kd5 50. Bd4 Rf8 51. Bf6 Bd6 52. Bh4 Bb4
53. Rg5+ Kc4 54. Rf5 Rxf5 55. Kxf5 Kd3 1/2-1/2

[Event "Guelph Winter Pro-Am"]
[Site "Guelph CAN"]
[Date "2019.02.03"]
[Round "4.4"]
[White "Plotkin, Victor"]
[Black "Colvin, Andrew"]
[Result "1-0"]
[WhiteElo "2391"]
[BlackElo "2038"]
[PlyCount "77"]
[EventDate "2019.02.02"]
[EventType "swiss"]
[EventRounds "5"]
[EventCountry "CAN"]

1. e4 e5 2. Nf3 Nc6 3. Bc4 Bc5 4. O-O Nf6 5. d3 d6 6. c3 O-O 7. Nbd2 Bb6 8. Bb3
Be6 9. Nc4 Bxc4 10. Bxc4 Ne7 11. Re1 Ng6 12. a4 a5 13. h3 h6 14. Nh2 d5 15.
exd5 Nxd5 16. Ng4 Qd6 17. Bxh6 Nf6 18. Bg5 Nxg4 19. Qxg4 c6 20. h4 Bd8 21. h5
Nf4 22. Bxf4 exf4 23. Qg6 Qf6 24. Re4 f3 25. g3 Kh8 26. Qxf6 Bxf6 27. Rae1 Kg8
28. g4 Bg5 29. Kh2 Bh4 30. Kh3 Bxf2 31. Rf1 Bc5 32. Rxf3 Rad8 33. d4 Bd6 34. g5
Rd7 35. g6 Re7 36. gxf7+ Kh7 37. Rxe7 Bxe7 38. Re3 Bd6 39. Kg4 1-0

[Event "Guelph Winter Pro-Am"]
[Site "Guelph CAN"]
[Date "2019.02.03"]
[Round "4.5"]
[White "Aniunoh, Chike"]
[Black "Zhao, Jeffrey Renfei"]
[Result "0-1"]
[WhiteElo "2193"]
[BlackElo "2029"]
[PlyCount "102"]
[EventDate "2019.02.02"]
[EventType "swiss"]
[EventRounds "5"]
[EventCountry "CAN"]

1. e4 e5 2. Nf3 Nc6 3. Bc4 Bc5 4. d3 Nf6 5. Bb3 O-O 6. c3 a6 7. Bg5 d6 8. Nbd2
Be6 9. Nf1 Re8 10. Ng3 h6 11. Bd2 d5 12. O-O Qd7 13. Qe2 Rad8 14. h3 Bb6 15.
Ba4 Qd6 16. Rfd1 Bd7 17. Bc2 Ne7 18. d4 Ng6 19. dxe5 Nxe5 20. Bf4 Nxf3+ 21.
Qxf3 dxe4 22. Nxe4 Qe7 23. Nxf6+ Qxf6 24. Rd2 Bc6 25. Rxd8 Rxd8 26. Qg3 Re8 27.
Bxc7 Bxc7 28. Qxc7 Qg5 29. Qg3 Qxg3 30. fxg3 Re2 31. Bf5 Rxg2+ 32. Kf1 Rxg3 33.
Bc8 Kf8 34. Re1 g6 35. c4 h5 36. a4 Rd3 37. b4 Rd8 38. b5 Rxc8 39. bxc6 Rxc6
40. Re4 Rc5 41. h4 Ra5 42. c5 Rxc5 43. Rb4 b5 44. axb5 axb5 45. Kf2 Ke7 46. Kg3
Ke6 47. Re4+ Kd5 48. Re7 f5 49. Kf4 Rc4+ 50. Kg5 Rg4+ 51. Kh6 b4 0-1

[Event "Guelph Winter Pro-Am"]
[Site "Guelph CAN"]
[Date "2019.02.03"]
[Round "4.6"]
[White "Gaisinsky, Adam"]
[Black "Brajkovic, Nikola"]
[Result "1-0"]
[WhiteElo "2055"]
[BlackElo "1970"]
[PlyCount "71"]
[EventDate "2019.02.02"]
[EventType "swiss"]
[EventRounds "5"]
[EventCountry "CAN"]

1. e4 g6 2. d4 Bg7 3. Nf3 d6 4. Bc4 e6 5. O-O Ne7 6. Nc3 O-O 7. Re1 Nd7 8. Be3
Nb6 9. Bb3 c6 10. Qd2 Qc7 11. Rad1 Bd7 12. Bg5 f6 13. Bh4 Rae8 14. Bg3 Kh8 15.
a4 Nbc8 16. h4 Qa5 17. Bh2 h5 18. Qe3 Kh7 19. Ne2 Bh6 20. Bf4 Ng8 21. e5 Bxf4
22. Nxf4 fxe5 23. Ng5+ Kh6 24. Nfxe6 Rf5 25. dxe5 d5 26. Nd4 Kg7 27. Nxf5+ Bxf5
28. c4 dxc4 29. Bxc4 Nge7 30. b3 Nb6 31. Qd4 Nbd5 32. e6+ Nf6 33. Nh7 Neg8 34.
Nxf6 Nxf6 35. e7 Qb4 36. Qe5 1-0

[Event "Guelph Winter Pro-Am"]
[Site "Guelph CAN"]
[Date "2019.02.03"]
[Round "4.7"]
[White "Ferreira, Alex"]
[Black "Filipovich, David"]
[Result "1/2-1/2"]
[WhiteElo "2080"]
[BlackElo "2216"]
[PlyCount "50"]
[EventDate "2019.02.02"]
[EventType "swiss"]
[EventRounds "5"]
[EventCountry "CAN"]

1. e4 g6 2. d4 Bg7 3. Nf3 d6 4. Be3 Nf6 5. Nc3 c6 6. Qd2 Qa5 7. h3 Nbd7 8. g4
b5 9. e5 b4 10. exf6 bxc3 11. fxg7 cxd2+ 12. Bxd2 Qxd2+ 13. Kxd2 Rg8 14. Bg2 f6
15. Ne1 Bb7 16. Nd3 O-O-O 17. a4 e5 18. c3 c5 19. Bxb7+ Kxb7 20. dxc5 dxc5 21.
b3 Rxg7 22. Kc2 Re8 23. Nb2 Nb6 24. a5 Nd5 25. Nc4 Rd8 1/2-1/2

[Event "Guelph Winter Pro-Am"]
[Site "Guelph CAN"]
[Date "2019.02.03"]
[Round "4.8"]
[White "Loadman, Ian"]
[Black "Ning, Eric"]
[Result "0-1"]
[WhiteElo "2097"]
[BlackElo "2067"]
[PlyCount "40"]
[EventDate "2019.02.02"]
[EventType "swiss"]
[EventRounds "5"]
[EventCountry "CAN"]

1. e4 c5 2. Nf3 g6 3. d4 cxd4 4. Nxd4 Bg7 5. c4 Nc6 6. Be3 Nh6 7. Nc3 O-O 8.
Be2 f5 9. exf5 Bxd4 10. Bxh6 Rxf5 11. O-O d6 12. Qd2 Qb6 13. Bd3 Rh5 14. Bf4
Bd7 15. Rab1 Rf8 16. Nd5 Qd8 17. Bg5 Bf5 18. h4 h6 19. Nf4 hxg5 20. Nxh5 Bxd3
0-1